000 01656nab a2200301 4500
003 AR-RoBPED
005 20260331122519.0
008 260331b |||||||| |||| 00| 0 spa d
040 _aAR-RoBPED
041 _aspa
100 1 _aAguirre, Yanina
_930671
_eProfesora en Español, Lengua Materna y Lengua Extranjera
245 1 _aEntre cerros y huellas: una propuesta interdisciplinaria /
260 _aBuenos Aires :
_bNoveduc,
_c2025
300 _a60-61 p.
500 _aSe narra una experiencia que integró saberes de Ciencias Sociales, Ciencias Naturales, Lengua y Literatura, Educación Artística y Formación para la Vida y el Trabajo, con un enfoque STEAM ampliado, articulado desde la Educación para el Desarrollo Sostenible y el respeto a la diversidad cultural. lejos de una clase tradicional, se trató de una vivencia en movimiento, con un fuerte anclaje territorial y emocional.
650 7 _aCIENCIAS SOCIALES
_9571
650 7 _aEXPERIENCIA PEDAGOGICA
_93265
650 7 _aCIENCIAS NATURALES
_9535
650 7 _aLENGUA Y LITERATURA
_9850
650 7 _aEDUCACION ARTISTICA
_93
650 0 _aDESARROLLO SOSTENIBLE
_928167
700 1 _aDomenech Del Valle, Emilia
_930672
_eProfesora en Español, Lengua Materna y Lengua Extranjera
700 1 _aRodríguez, Claudia S.
_930673
_eIngeniera Agrónoma
700 1 _aSarla, Vanesa V.
_930675
_eProfesora en Cienciass Sociales con orientación en Geografía y Educación Ambiental
773 0 _020414
_941863
_dBuenos Aires : Noveduc, 1993-
_tNovedades Educativas
_w(AR-RoBPED)20414
_x03283534
942 _2udc
_cREV
_h37(05)
_mNov 86 N° 403 (Ago.2025)
_ak.32481
945 _amar 03/2026
999 _c32481
_d32481